MDQL
is popping MORE tags! Check the
thread
!
Quizzes
Events
Quiz Creation
Community
Videos
Private Events
Remove Ads
Sign In
Join for FREE
Feedback
Dark Mode
Quiz Categories
Sports
Geography
Music
Movies
Television
Just For Fun
Miscellaneous
History
Literature
Language
Science
Gaming
Entertainment
Religion
Holiday
For Kids
Quiz Lab
Recent
Popular Today
Quiz Kudos Today
Editor Picks
Curator Picks
Quizzes by...
Day
Popularity
Type
Ratings
Length
Year
Community
Subscriptions
Recent Discussions
Orange Saloon
Badges
Playlists
Quests
Create
Leaderboards
Showdown
Live 5
Trivia Bingo
Activity
Puzzle Library
Sporcle Events
Private Events
Virtual Trivia
Globe League
Become a Host
Pub Owners
SporcleCon
Opinionation
Our Games
Videos
Blog
Mobile Apps
Partnerships
Remove Ads and Go Orange
Feedback
Sports
Athletes
MLB
NBA
NHL
NFL
Soccer
Sports Teams
WWE
NCAA
Football
Premier League
Basketball
Baseball
Hockey
Golf
Tennis
Cricket
Rugby
Auto Racing
Olympics
World Cup
Sports
Athletes
MLB
NBA
NHL
NFL
Soccer
Sports Teams
WWE
NCAA
Football
Premier League
Basketball
Baseball
Hockey
Golf
Tennis
Cricket
Rugby
Auto Racing
Olympics
World Cup
Random Quiz
Search Sporcle
×
Quiz Lab
Quiz Lab
Sports
entre
Type in answers that appear in a list
Type in answers that appear in a list
Classic
Best Score? Go Orange.
Brasileiros nos anos dourados da Serie A Stats
Quais jogadores brasileiros disputaram a Serie A do Calcio entre 1980/81 e 1999/00
By
leandro_stein
15m
78 Questions
2,054 Plays
2,054 Plays
2,054 Plays
Comments
Comments
Give Quiz Kudos
Give Quiz Kudos
-
- Ratings
hide this ad
Replay
Link that replays current quiz
Next Quiz
Link to next quiz in quiz playlist
You Got
0%
They Got
Avg Score
36%
Avg Friend Score
Upgrade to see
Score Distribution
Jump to the score distribution portion of the page
Score
0/78
Timer
15:00
0
Plays Today
Clubes
Jogador
% Correct
Roma, Milan
Cafu
88.4%
Internazionale, Milan
Ronaldo
87.9%
Atalanta
Careca Bianchesi
87.7%
Napoli
Careca
87.6%
Roma
Aldair
87.6%
Udinese
Zico
85.6%
Roma
Fábio Júnior
85.1%
Torino, Pescara
Júnior
84.4%
Roma
Falcão
81.3%
Napoli, Fiorentina
Edmundo
76.9%
Parma, Reggiana
Taffarel
76.8%
Roma, Sampdoria
Toninho Cerezo
71.2%
Ascoli, Torino
Casagrande
71.2%
Internazionale
Roberto Carlos
70.6%
Milan
Serginho
66.6%
Pisa, Fiorentina, Pescara
Dunga
65.5%
Milan
Leonardo
65.5%
Juventus
Júlio César
64.7%
Roma
Antônio Carlos
64%
Udinese, Parma, Milan
Amoroso
63.5%
Fiorentina
Sócrates
63.3%
Napoli, Atalanta
Alemão
61.2%
Brescia, Genoa
Branco
58.3%
Roma
Renato Gaúcho
56.8%
Bari
João Paulo
56.1%
Torino, Perugia
Müller
51.6%
Lecce, Fiorentina
Mazinho
49.4%
Internazionale, Napoli
Caio Ribeiro
48.1%
Internazionale, Bologna, Genoa
Zé Elias
47.1%
Atalanta
Evair
43.9%
Fiorentina
Márcio Santos
41.6%
Perugia
Emerson
41.6%
Parma, Perugia, Internazionale
Zé Maria
38.4%
Roma
Paulo Sérgio
34.6%
Parma, Fiorentina
Amaral
32.7%
Napoli, Milan, Torino
André Cruz
31.8%
Udinese
Edinho
31.5%
Cesena, Sampdoria
Silas
31.3%
Roma
Andrade
29.9%
Clubes
Jogador
% Correct
Roma
Marcos Assunção
29.2%
Pescara
Tita
25.8%
Udinese, Siena
Alberto Valentim
21.4%
Napoli
Beto Cachaça
20.8%
Torino
Edu Marangon
20.4%
Sampdoria
Doriva
19.6%
Parma, Verona, Genoa, Bologna
Adaílton
18.5%
Verona, Napoli, Ascoli, Como, Avellino
Dirceu
18.5%
Verona
Reinaldo
17.9%
Bologna
Geovani
17%
Lazio, Avellino
Batista
16.9%
Venezia
Tuta
16%
Bologna, Chievo, Internazionale
Luciano
15.5%
Internazionale
Gilberto
14.7%
Catania
Pedrinho
14.2%
Bari, Lecce
Gérson Caçapa
14.2%
Lecce, Bologna, Roma
Lima
13.8%
Venezia, Brescia, Ancona
Fábio Bilica
13%
Lecce
Gaúcho
12.9%
Avellino, Inter, Ascoli, Cremonese
Juary
12.8%
Pescara
Edmar
11.2%
Lazio, Cesena
Amarildo
10.2%
Roma
Vágner
9.5%
Empoli
Fábio Críbari
9.5%
Empoli, Lazio, Udinese, Siena, Napoli
Críbari
9.5%
Sampdoria
Catê
8.4%
Bologna
Enéas
7.8%
Udinese
Warley
7.6%
Pistoiese
Luís Sílvio
7.1%
Udinese
Jorginho Paulista
6.7%
Como
Mílton
6.5%
Catania
Luvanor
6.2%
Torino
Pinga
6.2%
Lecce, Como, Bologna, Siena, Udinese
Juarez
5.6%
Genoa
Elói
5.4%
Udinese
Orlando Lelé
3.8%
Torino
Marcão
3.5%
Sampdoria
Paco Soares
2.9%
Vicenza
Marco Aurélio
2.9%
Quiz Playlist
Details
Report
Send in Message
Add To Playlist
Classic:
Type in answers that appear in a list
Last Updated: May 12, 2020
Quiz Scoreboard
CHALLENGE
Sign Up to Join the Scoreboard
Show All
Scores
Hide
Comments
May contain spoilers
Recently Published
1-10 Letter E Words III
by El_Dandy
Language
2m
Street Fighter Characters
by Artimus82
Gaming
60s
College Basketball Coaching Resumes
by pancakes188
Sports
9m
More to Explore
Quiz From the Vault
Featured Blog Post
Where Did the Easter Bunny Come From?
hide this ad
You Might Also Like...
Tags
1980
1999
ano
calcio
club
entre
mogadore
nos
Qui
Serie
Today's Top Quizzes in Sports
Browse Sports
hide this ad
Top Contributed Quizzes in Sports
1
2022 World Cup Stars
2
Les meilleurs buteurs des matchs entre le PSG et l’OM
3
FIFA Club World Cup Champions
4
Les entraîneurs de l'OM et du PSG au 21e siècle
5
Criteria MLB: Left Handed Sluggers
6
2023 MLB Unique Player Accomplishments
7
AFC Teams Reveal (Wrong Answers Minefield)
8
Players with Multiple 50 Home Run Seasons
9
5-to-1: FBS Animal Nicknames
10
5-to-1: UK Sports Teams
Explore More
Trending Topics
Harry Potter
Kpop
Marvel
Disney
Crossword
Anime
NBA
NFL
Soccer
WWE
Puzzle
Pokémon
The Office
Country
Song
hide this ad
More By:
leandro_stein
Quiz
Plays
Rating
Category
Featured
Created
Clubes no Mundial da Fifa
5,434
5.00
Sports
May 21, 2020
Brasileiros nos torneios Conmebol
4,332
5.00
Sports
Apr 9, 2020
Vices da Libertadores
3,642
5.00
Sports
Apr 1, 2020
Vices da Champions
3,095
5.00
Sports
May 26, 2018
Goleiros Champions
2,981
5.00
Sports
May 26, 2020
Go to Creator's Profile
Score Distribution
Quiz Creator Spotlight
leandro_stein
Follow
Send a Message
Quizzes Created
-
Created Quiz Play Count
-
More By This Creator
Popular Quizzes Today
1
Find the US States - No Outlines Minefield
2
Find the Countries of Europe - No Outlines Minefield
3
The Countries of the World
4
Find the US States
5
Risky Map Clicking: Biggest States A-Z
6
US States
7
Popular People in 1961
8
Movies - When Are They Set?
More Sports Quizzes
2021 Spanish GP starting order
Quiz Lab
Trending Quizzes
Risky Map Clicking: Least Populous States A-Z
Billboard Blitz: Aretha Franklin
1-10 Letter G Words
Countries of the World: 200 Million BC
1-10 Letter F Words
Recently Updated
Leaping Animals
pecheneg
Reality TV Shows (A-Z)
bhenderson79
Rickey Henderson's Hall of Fame Teammates
pecheneg
Champions League XIs: Arsenal
pecheneg
Quick Pick: Celebrities in WWE's Hall of Fame
aduchscher
A-Z Keypad Blitz II
pecheneg
Multiple Oscar Actors
pecheneg
Mystery Phrase Blitz: Oscar 'Best Actors'
pecheneg
F. Scott Fitzgerald Novels
LTH
Pick 3 Villains
ddd62291
Trending Topics
Disney
NBA
Harry Potter
Crossword
Marvel
Kpop
Anime
Country
WWE
The Office
Soccer
Song
Pokémon
NFL
Puzzle
Your Account Isn't Verified!
In order to create a playlist on Sporcle, you need to verify the email address you used during registration. Go to your
Sporcle Settings
to finish the process.
Report this User
Report this user for behavior that violates our
Community Guidelines
.
Details:
Send Report
Go to the Sporcle.com Mobile Site →
Comments